Engaging youth /

Bibliographic Details
Corporate Author: National Endowment for the Humanities (Author)
Format: Government Document eBook
Language:English
Published: [Washington, D.C.] : National Endowment for the Humanities, [2015?]
Subjects:
Online Access:https://purl.fdlp.gov/GPO/gpo57018

MARC

Tag First Indicator Second Indicator Subfields
LEADER 00000cam a2200000 i 4500
001 in00003538113
005 20211120173057.0
006 m o d f
007 cr cn||||a||||
008 150424s2015 dcua o f000 0 eng c
035 |a (OCoLC)ocn907960378 
040 |a GPO  |b eng  |e rda  |e pn  |c GPO  |d MvI  |d UtOrBLW 
042 |a pcc 
043 |a n-us--- 
049 |a WWW 
074 |a 0831-B-01 (online) 
086 0 |a NF 3.2:Y 8/9 
110 2 |a National Endowment for the Humanities,  |e author. 
245 1 0 |a Engaging youth /  |c National Endowment for the Humanities. 
264 1 |a [Washington, D.C.] :  |b National Endowment for the Humanities,  |c [2015?] 
300 |a 1 online resource (24 pages) :  |b color illustrations 
336 |a text  |b txt  |2 rdacontent 
337 |a computer  |b c  |2 rdamedia 
338 |a online resource  |b cr  |2 rdacarrier 
500 |a Title from title screen (viewed April 24, 2015). 
500 |a "This report highlights six NEH-funded projects designed to support youth and their families, specifically urban and at-risk youth"--Page 2. 
610 2 0 |a National Endowment for the Humanities. 
650 0 |a Urban youth  |x Services for  |z United States. 
650 0 |a Problem youth  |x Services for  |z United States. 
650 0 |a Museum exhibits  |z United States. 
650 0 |a Literature and society  |z United States. 
856 4 0 |u https://purl.fdlp.gov/GPO/gpo57018  |t 0 
999 |a MARS 
999 f f |s 7bf87568-bd89-3f8e-b7e6-87e18dc7cab9  |i 71bbc1a1-2c7b-35c4-a139-641bbe6baa75  |t 0 
952 f f |a Texas A&M University  |b College Station  |c Electronic Resources  |d Available Online  |t 0  |e NF 3.2:Y 8/9  |h Superintendent of Documents classification 
998 f f |a NF 3.2:Y 8/9  |t 0  |l Available Online